<?xml version="1.0" encoding="UTF-8"?>
<record
    xmlns:xsi="http://www.w3.org/2001/XMLSchema-instance"
    xsi:schemaLocation="http://www.loc.gov/MARC21/slim http://www.loc.gov/standards/marcxml/schema/MARC21slim.xsd"
    xmlns="http://www.loc.gov/MARC21/slim">

  <leader>01420nam a22002777a 4500</leader>
  <datafield tag="999" ind1=" " ind2=" ">
    <subfield code="c">7863</subfield>
    <subfield code="d">7863</subfield>
  </datafield>
  <controlfield tag="003">AR-CdUCM</controlfield>
  <controlfield tag="008">190321b           ||||| |||| 00| 0 spa d</controlfield>
  <datafield tag="040" ind1=" " ind2=" ">
    <subfield code="a">MUNICIPALIDAD PROVINCIAL DEL CUSCO</subfield>
    <subfield code="c">BIBLIOTECA MUNICIPAL DEL CUSCO</subfield>
  </datafield>
  <datafield tag="082" ind1=" " ind2=" ">
    <subfield code="a">985.008 /</subfield>
    <subfield code="b">C73</subfield>
  </datafield>
  <datafield tag="100" ind1=" " ind2=" ">
    <subfield code="a">Comisi&#xF3;n Nacional del Sesquicentenario de la Independencia del Per&#xFA;</subfield>
  </datafield>
  <datafield tag="245" ind1=" " ind2=" ">
    <subfield code="a">Asuntos militares /</subfield>
  </datafield>
  <datafield tag="300" ind1=" " ind2=" ">
    <subfield code="a">9 vol&#xFA;menes ;</subfield>
    <subfield code="c">24 cm.</subfield>
  </datafield>
  <datafield tag="440" ind1=" " ind2=" ">
    <subfield code="a">Colecci&#xF3;n Documental de la Independencia del Per&#xFA;</subfield>
    <subfield code="9">21841</subfield>
  </datafield>
  <datafield tag="505" ind1=" " ind2=" ">
    <subfield code="a">Contenido: V.1 Defensa del Virreinato -- V.2 El ej&#xE9;rcito libertador del Per&#xFA; -- V.3 Juntas de guerra (1820-1821) -- V.4 Estado militar en 1820-1822 -- V.5 Juntas de guerra (1820-1821) -- V.6 I. Anexo del a&#xF1;o 1822 sobre estado militar y cuestiones conexas, II. Listas de revista de comisario a&#xF1;o 1823-1924-1825 -- V.7 Estado militar en 1823 -- V.8 Estado militar en 1824-1826 -- V.9 Reimpresos de campa&#xF1;a (1823-1826).</subfield>
  </datafield>
  <datafield tag="650" ind1=" " ind2=" ">
    <subfield code="a">Independencia</subfield>
    <subfield code="9">625</subfield>
  </datafield>
  <datafield tag="650" ind1=" " ind2=" ">
    <subfield code="a">Cuerpo de reserva</subfield>
    <subfield code="9">22240</subfield>
  </datafield>
  <datafield tag="650" ind1=" " ind2=" ">
    <subfield code="a">Divisi&#xF3;n de Arica</subfield>
    <subfield code="9">22241</subfield>
  </datafield>
  <datafield tag="650" ind1=" " ind2=" ">
    <subfield code="a">Real cuerpo de artiller&#xED;a</subfield>
    <subfield code="9">22242</subfield>
  </datafield>
  <datafield tag="650" ind1=" " ind2=" ">
    <subfield code="a">Virrey de Santa Fe</subfield>
    <subfield code="9">22243</subfield>
  </datafield>
  <datafield tag="650" ind1=" " ind2=" ">
    <subfield code="a">Ejercito peruano</subfield>
    <subfield code="9">22244</subfield>
  </datafield>
  <datafield tag="650" ind1=" " ind2=" ">
    <subfield code="a">Historia militar</subfield>
    <subfield code="9">1394</subfield>
  </datafield>
  <datafield tag="700" ind1=" " ind2=" ">
    <subfield code="a">Denegri Luna, F&#xE9;lix (Editor y prologuista)</subfield>
    <subfield code="9">22245</subfield>
  </datafield>
  <datafield tag="700" ind1=" " ind2=" ">
    <subfield code="a">Gral. Ep. Barra, Felipe de la (pr&#xF3;logo, compilaci&#xF3;n y ordenamiento)</subfield>
    <subfield code="9">22246</subfield>
  </datafield>
  <datafield tag="942" ind1=" " ind2=" ">
    <subfield code="2">ddc</subfield>
    <subfield code="c">LIBROS</subfield>
  </datafield>
  <datafield tag="945" ind1=" " ind2=" ">
    <subfield code="a">davv</subfield>
  </datafield>
  <datafield tag="952" ind1=" " ind2=" ">
    <subfield code="0">0</subfield>
    <subfield code="2">ddc</subfield>
    <subfield code="4">0</subfield>
    <subfield code="7">0</subfield>
    <subfield code="a">SH</subfield>
    <subfield code="b">SH</subfield>
    <subfield code="c">REF</subfield>
    <subfield code="d">2019-03-21</subfield>
    <subfield code="g">150.00</subfield>
    <subfield code="o">985.008 / C73 / t.6 / v.1</subfield>
    <subfield code="p">SH0000008652</subfield>
    <subfield code="r">2019-03-21</subfield>
    <subfield code="y">LIBROS</subfield>
  </datafield>
  <datafield tag="952" ind1=" " ind2=" ">
    <subfield code="0">0</subfield>
    <subfield code="2">ddc</subfield>
    <subfield code="4">0</subfield>
    <subfield code="7">0</subfield>
    <subfield code="a">SH</subfield>
    <subfield code="b">SH</subfield>
    <subfield code="c">REF</subfield>
    <subfield code="d">2019-03-21</subfield>
    <subfield code="g">150.00</subfield>
    <subfield code="o">985.008 / C73 / t.6 / v.2</subfield>
    <subfield code="p">SH0000008653</subfield>
    <subfield code="r">2019-03-21</subfield>
    <subfield code="y">LIBROS</subfield>
  </datafield>
  <datafield tag="952" ind1=" " ind2=" ">
    <subfield code="0">0</subfield>
    <subfield code="2">ddc</subfield>
    <subfield code="4">0</subfield>
    <subfield code="7">0</subfield>
    <subfield code="a">SH</subfield>
    <subfield code="b">SH</subfield>
    <subfield code="c">REF</subfield>
    <subfield code="d">2019-03-21</subfield>
    <subfield code="g">150.00</subfield>
    <subfield code="o">985.008 / C73 / t.6 / v.3</subfield>
    <subfield code="p">SH0000008654</subfield>
    <subfield code="r">2019-03-21</subfield>
    <subfield code="y">LIBROS</subfield>
  </datafield>
  <datafield tag="952" ind1=" " ind2=" ">
    <subfield code="0">0</subfield>
    <subfield code="2">ddc</subfield>
    <subfield code="4">0</subfield>
    <subfield code="7">0</subfield>
    <subfield code="a">SH</subfield>
    <subfield code="b">SH</subfield>
    <subfield code="c">REF</subfield>
    <subfield code="d">2019-03-21</subfield>
    <subfield code="g">150.00</subfield>
    <subfield code="o">985.008 / C73 / t.6 / v.4</subfield>
    <subfield code="p">SH0000008655</subfield>
    <subfield code="r">2019-03-21</subfield>
    <subfield code="y">LIBROS</subfield>
  </datafield>
  <datafield tag="952" ind1=" " ind2=" ">
    <subfield code="0">0</subfield>
    <subfield code="2">ddc</subfield>
    <subfield code="4">0</subfield>
    <subfield code="7">0</subfield>
    <subfield code="a">SH</subfield>
    <subfield code="b">SH</subfield>
    <subfield code="c">REF</subfield>
    <subfield code="d">2019-03-21</subfield>
    <subfield code="g">150.00</subfield>
    <subfield code="o">985.008 / C73 / t.6 / v.5</subfield>
    <subfield code="p">SH0000008656</subfield>
    <subfield code="r">2019-03-21</subfield>
    <subfield code="y">LIBROS</subfield>
  </datafield>
  <datafield tag="952" ind1=" " ind2=" ">
    <subfield code="0">0</subfield>
    <subfield code="2">ddc</subfield>
    <subfield code="4">0</subfield>
    <subfield code="7">0</subfield>
    <subfield code="a">SH</subfield>
    <subfield code="b">SH</subfield>
    <subfield code="c">REF</subfield>
    <subfield code="d">2019-03-21</subfield>
    <subfield code="g">150.00</subfield>
    <subfield code="o">985.008 / C73 / t.6 / v.6</subfield>
    <subfield code="p">SH0000008657</subfield>
    <subfield code="r">2019-03-21</subfield>
    <subfield code="y">LIBROS</subfield>
  </datafield>
  <datafield tag="952" ind1=" " ind2=" ">
    <subfield code="0">0</subfield>
    <subfield code="2">ddc</subfield>
    <subfield code="4">0</subfield>
    <subfield code="7">0</subfield>
    <subfield code="a">SH</subfield>
    <subfield code="b">SH</subfield>
    <subfield code="c">REF</subfield>
    <subfield code="d">2019-03-21</subfield>
    <subfield code="g">150.00</subfield>
    <subfield code="o">985.008 / C73 / t.6 / v.7</subfield>
    <subfield code="p">SH0000008658</subfield>
    <subfield code="r">2019-03-21</subfield>
    <subfield code="y">LIBROS</subfield>
  </datafield>
  <datafield tag="952" ind1=" " ind2=" ">
    <subfield code="0">0</subfield>
    <subfield code="2">ddc</subfield>
    <subfield code="4">0</subfield>
    <subfield code="7">0</subfield>
    <subfield code="a">SH</subfield>
    <subfield code="b">SH</subfield>
    <subfield code="c">REF</subfield>
    <subfield code="d">2019-03-21</subfield>
    <subfield code="g">150.00</subfield>
    <subfield code="o">985.008 / C73 / t.6 / v.8</subfield>
    <subfield code="p">SH0000008659</subfield>
    <subfield code="r">2019-03-21</subfield>
    <subfield code="y">LIBROS</subfield>
  </datafield>
  <datafield tag="952" ind1=" " ind2=" ">
    <subfield code="0">0</subfield>
    <subfield code="2">ddc</subfield>
    <subfield code="4">0</subfield>
    <subfield code="7">0</subfield>
    <subfield code="a">SH</subfield>
    <subfield code="b">SH</subfield>
    <subfield code="c">REF</subfield>
    <subfield code="d">2019-03-21</subfield>
    <subfield code="g">150.00</subfield>
    <subfield code="o">985.008 / C73 / t.6 / v.9</subfield>
    <subfield code="p">SH0000008660</subfield>
    <subfield code="r">2019-03-21</subfield>
    <subfield code="y">LIBROS</subfield>
  </datafield>
  <datafield tag="952" ind1=" " ind2=" ">
    <subfield code="0">0</subfield>
    <subfield code="2">ddc</subfield>
    <subfield code="4">0</subfield>
    <subfield code="7">0</subfield>
    <subfield code="a">SH</subfield>
    <subfield code="b">SH</subfield>
    <subfield code="c">REF</subfield>
    <subfield code="d">2019-03-21</subfield>
    <subfield code="g">150.00</subfield>
    <subfield code="o">985.008 / C73 / t.6 / v.9 / e.2</subfield>
    <subfield code="p">SH0000008661</subfield>
    <subfield code="r">2019-03-21</subfield>
    <subfield code="t">e.2</subfield>
    <subfield code="y">LIBROS</subfield>
  </datafield>
  <datafield tag="952" ind1=" " ind2=" ">
    <subfield code="0">0</subfield>
    <subfield code="2">ddc</subfield>
    <subfield code="4">0</subfield>
    <subfield code="7">0</subfield>
    <subfield code="a">SH</subfield>
    <subfield code="b">SH</subfield>
    <subfield code="c">REF</subfield>
    <subfield code="d">2019-03-21</subfield>
    <subfield code="g">150.00</subfield>
    <subfield code="o">985.008 / C73 / t.6 / v.9 / e.3</subfield>
    <subfield code="p">SH0000008662</subfield>
    <subfield code="r">2019-03-21</subfield>
    <subfield code="t">e.3</subfield>
    <subfield code="y">LIBROS</subfield>
  </datafield>
  <datafield tag="952" ind1=" " ind2=" ">
    <subfield code="0">0</subfield>
    <subfield code="2">ddc</subfield>
    <subfield code="4">0</subfield>
    <subfield code="7">0</subfield>
    <subfield code="a">SH</subfield>
    <subfield code="b">SH</subfield>
    <subfield code="c">REF</subfield>
    <subfield code="d">2019-03-21</subfield>
    <subfield code="g">150.00</subfield>
    <subfield code="o">985.008 / C73 / t.6 / v.8  / e.3</subfield>
    <subfield code="p">SH0000008663</subfield>
    <subfield code="r">2019-03-21</subfield>
    <subfield code="t">e.3</subfield>
    <subfield code="y">LIBROS</subfield>
  </datafield>
  <datafield tag="952" ind1=" " ind2=" ">
    <subfield code="0">0</subfield>
    <subfield code="2">ddc</subfield>
    <subfield code="4">0</subfield>
    <subfield code="7">0</subfield>
    <subfield code="a">SH</subfield>
    <subfield code="b">SH</subfield>
    <subfield code="c">REF</subfield>
    <subfield code="d">2019-03-21</subfield>
    <subfield code="g">150.00</subfield>
    <subfield code="o">985.008 / C73 / t.6 / v.8 / e.2</subfield>
    <subfield code="p">SH0000008664</subfield>
    <subfield code="r">2019-03-21</subfield>
    <subfield code="t">e.2</subfield>
    <subfield code="y">LIBROS</subfield>
  </datafield>
  <datafield tag="952" ind1=" " ind2=" ">
    <subfield code="0">0</subfield>
    <subfield code="2">ddc</subfield>
    <subfield code="4">0</subfield>
    <subfield code="7">0</subfield>
    <subfield code="a">SH</subfield>
    <subfield code="b">SH</subfield>
    <subfield code="c">REF</subfield>
    <subfield code="d">2019-03-21</subfield>
    <subfield code="g">150.00</subfield>
    <subfield code="o">985.008 / C73 / t.6 / v.7 / e.2</subfield>
    <subfield code="p">SH0000008665</subfield>
    <subfield code="r">2019-03-21</subfield>
    <subfield code="t">e.2</subfield>
    <subfield code="y">LIBROS</subfield>
  </datafield>
  <datafield tag="952" ind1=" " ind2=" ">
    <subfield code="0">0</subfield>
    <subfield code="2">ddc</subfield>
    <subfield code="4">0</subfield>
    <subfield code="7">0</subfield>
    <subfield code="a">SH</subfield>
    <subfield code="b">SH</subfield>
    <subfield code="c">REF</subfield>
    <subfield code="d">2019-03-21</subfield>
    <subfield code="g">150.00</subfield>
    <subfield code="o">985.008 / C73 / t.6 / v.7 / e.3</subfield>
    <subfield code="p">SH0000008666</subfield>
    <subfield code="r">2019-03-21</subfield>
    <subfield code="t">e.2</subfield>
    <subfield code="y">LIBROS</subfield>
  </datafield>
  <datafield tag="952" ind1=" " ind2=" ">
    <subfield code="0">0</subfield>
    <subfield code="2">ddc</subfield>
    <subfield code="4">0</subfield>
    <subfield code="7">0</subfield>
    <subfield code="a">SH</subfield>
    <subfield code="b">SH</subfield>
    <subfield code="c">REF</subfield>
    <subfield code="d">2019-03-21</subfield>
    <subfield code="g">150.00</subfield>
    <subfield code="o">985.008 / C73 / t.6 / v.6 / e.2</subfield>
    <subfield code="p">SH0000008667</subfield>
    <subfield code="r">2019-03-21</subfield>
    <subfield code="t">e.2</subfield>
    <subfield code="y">LIBROS</subfield>
  </datafield>
  <datafield tag="952" ind1=" " ind2=" ">
    <subfield code="0">0</subfield>
    <subfield code="2">ddc</subfield>
    <subfield code="4">0</subfield>
    <subfield code="7">0</subfield>
    <subfield code="a">SH</subfield>
    <subfield code="b">SH</subfield>
    <subfield code="c">REF</subfield>
    <subfield code="d">2019-03-21</subfield>
    <subfield code="g">150.00</subfield>
    <subfield code="o">985.008 / C73 / t.6 / v.6 / e.3</subfield>
    <subfield code="p">SH0000008668</subfield>
    <subfield code="r">2019-03-21</subfield>
    <subfield code="t">e.3</subfield>
    <subfield code="y">LIBROS</subfield>
  </datafield>
  <datafield tag="952" ind1=" " ind2=" ">
    <subfield code="0">0</subfield>
    <subfield code="2">ddc</subfield>
    <subfield code="4">0</subfield>
    <subfield code="7">0</subfield>
    <subfield code="a">SH</subfield>
    <subfield code="b">SH</subfield>
    <subfield code="c">REF</subfield>
    <subfield code="d">2019-03-21</subfield>
    <subfield code="g">150.00</subfield>
    <subfield code="o">985.008 / C73 / t.6 / v.5 / e.2</subfield>
    <subfield code="p">SH0000008669</subfield>
    <subfield code="r">2019-03-21</subfield>
    <subfield code="t">e.2</subfield>
    <subfield code="y">LIBROS</subfield>
  </datafield>
  <datafield tag="952" ind1=" " ind2=" ">
    <subfield code="0">0</subfield>
    <subfield code="2">ddc</subfield>
    <subfield code="4">0</subfield>
    <subfield code="7">0</subfield>
    <subfield code="a">SH</subfield>
    <subfield code="b">SH</subfield>
    <subfield code="c">REF</subfield>
    <subfield code="d">2019-03-21</subfield>
    <subfield code="g">150.00</subfield>
    <subfield code="o">985.008 / C73 / t.6 / v.5 / e.3</subfield>
    <subfield code="p">SH0000008670</subfield>
    <subfield code="r">2019-03-21</subfield>
    <subfield code="t">e.3</subfield>
    <subfield code="y">LIBROS</subfield>
  </datafield>
  <datafield tag="952" ind1=" " ind2=" ">
    <subfield code="0">0</subfield>
    <subfield code="2">ddc</subfield>
    <subfield code="4">0</subfield>
    <subfield code="7">0</subfield>
    <subfield code="a">SH</subfield>
    <subfield code="b">SH</subfield>
    <subfield code="c">REF</subfield>
    <subfield code="d">2019-03-21</subfield>
    <subfield code="g">150.00</subfield>
    <subfield code="o">985.008 / C73 / t.6 / v.4 / e.2</subfield>
    <subfield code="p">SH0000008711</subfield>
    <subfield code="r">2019-03-21</subfield>
    <subfield code="t">e.2</subfield>
    <subfield code="y">LIBROS</subfield>
  </datafield>
  <datafield tag="952" ind1=" " ind2=" ">
    <subfield code="0">0</subfield>
    <subfield code="2">ddc</subfield>
    <subfield code="4">0</subfield>
    <subfield code="7">0</subfield>
    <subfield code="a">SH</subfield>
    <subfield code="b">SH</subfield>
    <subfield code="c">REF</subfield>
    <subfield code="d">2019-03-21</subfield>
    <subfield code="g">150.00</subfield>
    <subfield code="o">985.008 / C73 / t.6 / v.3 / e.2</subfield>
    <subfield code="p">SH0000008712</subfield>
    <subfield code="r">2019-03-21</subfield>
    <subfield code="t">e.2</subfield>
    <subfield code="y">LIBROS</subfield>
  </datafield>
  <datafield tag="952" ind1=" " ind2=" ">
    <subfield code="0">0</subfield>
    <subfield code="2">ddc</subfield>
    <subfield code="4">0</subfield>
    <subfield code="7">0</subfield>
    <subfield code="a">SH</subfield>
    <subfield code="b">SH</subfield>
    <subfield code="c">REF</subfield>
    <subfield code="d">2019-03-21</subfield>
    <subfield code="g">150.00</subfield>
    <subfield code="o">985.008/C73/t.6/v.2/e.2</subfield>
    <subfield code="p">SH0000008713</subfield>
    <subfield code="r">2019-03-21</subfield>
    <subfield code="y">LIBROS</subfield>
  </datafield>
  <datafield tag="952" ind1=" " ind2=" ">
    <subfield code="0">0</subfield>
    <subfield code="2">ddc</subfield>
    <subfield code="4">0</subfield>
    <subfield code="7">0</subfield>
    <subfield code="a">SH</subfield>
    <subfield code="b">SH</subfield>
    <subfield code="c">REF</subfield>
    <subfield code="d">2019-03-21</subfield>
    <subfield code="g">150.00</subfield>
    <subfield code="o">985.008 / C73 / t.6 / v.1 / e.2</subfield>
    <subfield code="p">SH0000008714</subfield>
    <subfield code="r">2019-03-21</subfield>
    <subfield code="t">e.2</subfield>
    <subfield code="y">LIBROS</subfield>
  </datafield>
  <datafield tag="952" ind1=" " ind2=" ">
    <subfield code="0">0</subfield>
    <subfield code="2">ddc</subfield>
    <subfield code="4">0</subfield>
    <subfield code="7">0</subfield>
    <subfield code="a">SH</subfield>
    <subfield code="b">SH</subfield>
    <subfield code="c">REF</subfield>
    <subfield code="d">2019-04-27</subfield>
    <subfield code="g">150.00</subfield>
    <subfield code="o">985.008 / C73 / t.6 / v.4 / e.3</subfield>
    <subfield code="p">SH0000011018</subfield>
    <subfield code="r">2019-04-27</subfield>
    <subfield code="t">e.3</subfield>
    <subfield code="y">LIBROS</subfield>
  </datafield>
</record>
